000 00428nam a22001577a 4500
999 _c526829
_d526829
003 NUST
020 _qP/B
038 _awaseem
082 _a891.4912
_bSAY
100 _aSyed, Najam Hussain
_915330
245 _aEk Raat Ravi De /
_cNajam Hussain Syed
260 _aLahore :
_bIdare-e-Punjabi adab,
_c1983.
880 _6100-01\r
_aنجم حسین سید
880 _6245-02\r
_aاِک رات راوی دی /
942 _2ddc
_cBK